[Event "Titled Tuesday intern op 14th Mar Late"]
[Site "Chess.com INT"]
[Date "2023.03.14"]
[Round "1"]
[White "Ashraf, Artin"]
[Black "Popov, Mikhail"]
[Result "1-0"]
[WhiteElo "2314"]
[BlackElo "2396"]
[PlyCount "71"]
[EventDate "2023.03.14"]
[EventType "swiss (blitz)"]
[EventRounds "11"]
[EventCountry "USA"]
[SourceTitle "EXT 2024"]
[Source "ChessBase"]
[SourceDate "2023.10.10"]
[SourceVersion "1"]
[SourceVersionDate "2023.10.10"]
[SourceQuality "1"]

1. Nf3 Nf6 2. c4 g6 3. b4 Bg7 4. Bb2 0-0 5. g3 d6 6. Bg2 e5 7. d3 a5 8. b5 Nbd7 9. 0-0 Nc5 10. Nbd2 Bd7 11. Nb3 Na4 12. Ba3 e4 13. Nfd4 Re8 14. Qc2 Nb6 15. dxe4 a4 16. Nd2 Nxe4 17. Nxe4 Bxd4 18. Bb2 Bxb2 19. Qxb2 Rxe4 20. Bxe4 Nxc4 21. Qb4 Be6 22. Bxb7 Rb8 23. Bg2 a3 24. Rac1 d5 25. e4 c6 26. exd5 cxd5 27. Rfd1 Qg5 28. Qc5 Nb2 29. Rf1 Nd3 30. Qa7 Rxb5 31. Rc3 Nb2 32. Rxa3 Nc4 33. Rb3 Ra5 34. Rb8+ Kg7 35. Qd4+ Qf6 36. Rg8+ 1-0

[Event "Titled Tuesday intern op 14th Mar Late"]
[Site "Chess.com INT"]
[Date "2023.03.14"]
[Round "6"]
[White "Popov, Mikhail"]
[Black "Domingo Nunez, Ruben"]
[Result "0-1"]
[WhiteElo "2396"]
[BlackElo "2376"]
[PlyCount "64"]
[EventDate "2023.03.14"]
[EventType "swiss (blitz)"]
[EventRounds "11"]
[EventCountry "USA"]
[SourceTitle "EXT 2024"]
[Source "ChessBase"]
[SourceDate "2023.10.10"]
[SourceVersion "1"]
[SourceVersionDate "2023.10.10"]
[SourceQuality "1"]

1. c4 g6 2. g3 Bg7 3. Bg2 Nf6 4. Nc3 d6 5. e4 0-0 6. Nge2 Nbd7 7. 0-0 e5 8. d3 Re8 9. h3 a5 10. Be3 Nc5 11. Qc2 Ne6 12. d4 exd4 13. Nxd4 Ng4 14. hxg4 Nxd4 15. Qd1 Nc6 16. f4 Be6 17. Nd5 Nb4 18. g5 b5 19. Bd4 Bxd4+ 20. Qxd4 Bxd5 21. cxd5 Nc2 22. Qc3 Nxa1 23. Rxa1 Qd7 24. Rc1 b4 25. Qc6 Qxc6 26. Rxc6 Ra7 27. b3 Rb8 28. Kf2 a4 29. bxa4 Rxa4 30. Rc2 Rba8 31. Rxc7 Rxa2+ 32. Kg1 Rb8 0-1

[Event "Titled Tuesday intern op 14th Mar Late"]
[Site "Chess.com INT"]
[Date "2023.03.14"]
[Round "3"]
[White "Popov, Mikhail"]
[Black "Kornyukov, Alexey"]
[Result "1-0"]
[WhiteElo "2396"]
[BlackElo "2452"]
[PlyCount "65"]
[EventDate "2023.03.14"]
[EventType "swiss (blitz)"]
[EventRounds "11"]
[EventCountry "USA"]
[SourceTitle "EXT 2024"]
[Source "ChessBase"]
[SourceDate "2023.10.10"]
[SourceVersion "1"]
[SourceVersionDate "2023.10.10"]
[SourceQuality "1"]

1. c4 e6 2. g3 d5 3. Bg2 d4 4. Nf3 c5 5. 0-0 Nc6 6. e3 Nf6 7. exd4 cxd4 8. d3 Be7 9. a3 a5 10. Re1 0-0 11. Ne5 Qc7 12. Bf4 Bd6 13. Qe2 Nd7 14. Nxc6 bxc6 15. Bxd6 Qxd6 16. Nd2 Rb8 17. Ne4 Qc7 18. c5 Ba6 19. Rac1 Rb3 20. Nd6 Bxd3 21. Qf3 Nb8 22. Qf4 Rxb2 23. Qxd4 Rb3 24. Re3 e5 25. Qxe5 Nd7 26. Qd4 Rxa3 27. Rxd3 Rxd3 28. Qxd3 Rb8 29. Qc4 Ne5 30. Qe4 f6 31. f4 Ng4 32. Qe6+ Kh8 33. Qxg4 1-0

[Event "Chigorin Memorial 27th"]
[Site "St Petersburg"]
[Date "2019.10.10"]
[Round "6"]
[White "Aleksandrov, Aleksej"]
[Black "Popov, Mikhail"]
[Result "1-0"]
[WhiteElo "2577"]
[BlackElo "2399"]
[PlyCount "63"]
[EventDate "2019.10.05"]
[EventType "swiss"]
[EventRounds "9"]
[EventCountry "RUS"]
[SourceTitle "EXT 2020"]
[Source "ChessBase"]
[SourceDate "2019.10.17"]
[SourceVersion "1"]
[SourceVersionDate "2019.10.17"]
[SourceQuality "1"]

1. d4 Nf6 2. c4 g6 3. Nc3 Bg7 4. e4 d6 5. h3 0-0 6. Be3 Na6 7. Nf3 c6 8. Be2 e5 9. d5 Nh5 10. a3 f5 11. exf5 gxf5 12. Nxe5 Bxe5 13. Bxh5 Bxc3+ 14. bxc3 f4 15. Bc1 Qe7+ 16. Kf1 Nc5 17. Ra2 Bf5 18. Kg1 Ne4 19. Qf3 Qg7 20. Qxf4 Nxc3 21. Rb2 Bg6 22. Qg4 Rae8 23. Bxg6 hxg6 24. dxc6 Re1+ 25. Kh2 Qe5+ 26. f4 Rxh1+ 27. Kxh1 Qe1+ 28. Kh2 Qxc1 29. Qxg6+ Kh8 30. Qh6+ Kg8 31. Qg5+ Kh8 32. Rxb7 1-0

[Event "Titled Tuesday intern op 3rd Sept"]
[Site "Chess.com INT"]
[Date "2019.09.03"]
[Round "4"]
[White "Holtel, Jasper"]
[Black "Popov, Mikhail"]
[Result "0-1"]
[WhiteElo "2286"]
[BlackElo "2399"]
[PlyCount "70"]
[EventDate "2019.09.03"]
[EventType "swiss (blitz)"]
[EventRounds "10"]
[EventCountry "USA"]
[SourceTitle "EXT 2021"]
[Source "ChessBase"]
[SourceDate "2020.10.23"]
[SourceVersion "1"]
[SourceVersionDate "2020.10.23"]
[SourceQuality "1"]

1. e4 c5 2. Nf3 d6 3. d4 cxd4 4. Nxd4 Nf6 5. Nc3 a6 6. g3 e5 7. Nf3 Be7 8. Nh4 0-0 9. Nf5 Bxf5 10. exf5 d5 11. Bg2 d4 12. Ne4 Nxe4 13. Bxe4 Qb6 14. 0-0 Nd7 15. Bg2 Rac8 16. Bd2 Qxb2 17. Rb1 Qxc2 18. Rxb7 Qxf5 19. Qf3 Qe6 20. Qb3 Qd6 21. Bb4 Nc5 22. Qa3 a5 23. Bxc5 Qxc5 24. Qd3 Bf6 25. Qf5 Qd6 26. Rd7 Qe6 27. Qxe6 fxe6 28. Bh3 Rfe8 29. Rb1 Rc2 30. a4 e4 31. Kf1 e3 32. fxe3 dxe3 33. Bg4 Rxh2 34. Rb3 h5 35. Bf3 Rf2+ 0-1

[Event "Titled Tuesday intern op 3rd Sept"]
[Site "Chess.com INT"]
[Date "2019.09.03"]
[Round "5"]
[White "Popov, Mikhail"]
[Black "Djukic, Nikola"]
[Result "0-1"]
[WhiteElo "2399"]
[BlackElo "2518"]
[PlyCount "164"]
[EventDate "2019.09.03"]
[EventType "swiss (blitz)"]
[EventRounds "10"]
[EventCountry "USA"]
[SourceTitle "EXT 2021"]
[Source "ChessBase"]
[SourceDate "2020.10.23"]
[SourceVersion "1"]
[SourceVersionDate "2020.10.23"]
[SourceQuality "1"]

1. e4 g6 2. d4 Bg7 3. Nc3 d6 4. Bg5 a6 5. Qd2 b5 6. f3 Nd7 7. h4 h6 8. Be3 Bb7 9. h5 g5 10. Nge2 c5 11. Ng3 e6 12. a4 b4 13. Nd1 Ne7 14. c3 bxc3 15. bxc3 Qa5 16. Nb2 cxd4 17. cxd4 Qxd2+ 18. Kxd2 d5 19. e5 Nxe5 20. dxe5 Bxe5 21. Ne2 Bxb2 22. Rb1 d4 23. Bf2 Bc3+ 24. Nxc3 dxc3+ 25. Kxc3 Bc6 26. Bxa6 Bxa4 27. Bb7 Rd8 28. Rb4 Bc6 29. Bxc6+ Nxc6 30. Rc4 Ne5 31. Rc7 0-0 32. Bd4 Rc8 33. Bxe5 Rxc7+ 34. Bxc7 Rc8 35. Kd4 Rxc7 36. g4 Kg7 37. Ra1 Rb7 38. Ke3 Rb2 39. Ra6 Kf6 40. Ra8 Rb3+ 41. Ke4 Rb4+ 42. Ke3 Kg7 43. Re8 Rb7 44. Ke4 Rb3 45. Ra8 f5+ 46. gxf5 exf5+ 47. Ke5 Re3+ 48. Kxf5 Rxf3+ 49. Kg4 Rf4+ 50. Kg3 Rh4 51. Ra7+ Kf8 52. Ra8+ Ke7 53. Ra7+ Kd8 54. Ra8+ Kc7 55. Ra7+ Kb6 56. Rh7 Rxh5 57. Kg4 Rh4+ 58. Kf5 Kc5 59. Rd7 g4 60. Kf4 h5 61. Rd1 Rh3 62. Rd8 Kc4 63. Rd1 Kc3 64. Rd8 Rd3 65. Rh8 Rf3+ 66. Ke4 Rh3 67. Kf4 Kd2 68. Re8 Rf3+ 69. Kg5 Re3 70. Rd8+ Rd3 71. Rg8 Rh3 72. Re8 g3 73. Kf4 h4 74. Kf3 Rh2 75. Rd8+ Ke1 76. Re8+ Kf1 77. Ra8 Rf2+ 78. Kg4 Re2 79. Kxh4 g2 80. Kh3 g1Q 81. Rf8+ Rf2 82. Rf4 Qg2+ 0-1

[Event "Titled Tuesday intern op 3rd Sept"]
[Site "Chess.com INT"]
[Date "2019.09.03"]
[Round "3"]
[White "Popov, Mikhail"]
[Black "Jenni, Florian"]
[Result "1-0"]
[WhiteElo "2399"]
[BlackElo "2456"]
[PlyCount "107"]
[EventDate "2019.09.03"]
[EventType "swiss (blitz)"]
[EventRounds "10"]
[EventCountry "USA"]
[SourceTitle "EXT 2021"]
[Source "ChessBase"]
[SourceDate "2020.10.23"]
[SourceVersion "1"]
[SourceVersionDate "2020.10.23"]
[SourceQuality "1"]

1. e4 d5 2. exd5 Qxd5 3. Nc3 Qd6 4. d4 c6 5. Bd3 Nf6 6. Nge2 Bg4 7. f3 Bh5 8. Bf4 Qd8 9. 0-0 Bg6 10. Ne4 Nbd7 11. c3 Nxe4 12. fxe4 e5 13. Be3 Bd6 14. Ng3 0-0 15. Nf5 Bxf5 16. Rxf5 Qe7 17. Qf3 b5 18. Rf1 f6 19. Bc2 Nb6 20. Qh3 g6 21. R5f2 Nc4 22. Bh6 Rf7 23. b3 Nb6 24. Rf3 c5 25. d5 c4 26. b4 a5 27. a3 axb4 28. axb4 Ra2 29. Bb1 Ra8 30. Be3 Nd7 31. Rg3 Nf8 32. Qh6 Ra1 33. h4 Qd8 34. Kh2 Bc7 35. h5 Bb6 36. Bc5 Ra6 37. hxg6 Nxg6 38. Bc2 Qc7 39. d6 Qc8 40. Bd1 Bxc5 41. Bg4 Qxg4 42. Rxg4 Bxd6 43. Rd1 Bf8 44. Rd8 Rd6 45. Rxg6+ hxg6 46. Qxg6+ Rg7 47. Qe8 Rxd8 48. Qxd8 Rg4 49. Qxf6 Rg7 50. Qxe5 Rg6 51. Qxb5 Bd6+ 52. e5 Bf8 53. Qxc4+ Kg7 54. Qd4 1-0

[Event "Nezhmetdinov Memorial 41st"]
[Site "Kazan"]
[Date "2019.06.07"]
[Round "8"]
[White "Khanin, Semen"]
[Black "Popov, Mikhail"]
[Result "0-1"]
[WhiteElo "2524"]
[BlackElo "2395"]
[PlyCount "110"]
[EventDate "2019.05.31"]
[EventType "swiss"]
[EventRounds "9"]
[EventCountry "RUS"]
[SourceTitle "CBM 190 Extra"]
[Source "ChessBase"]
[SourceDate "2019.07.15"]
[SourceVersion "1"]
[SourceVersionDate "2019.07.15"]
[SourceQuality "1"]

1. e4 e6 2. d4 d5 3. Nc3 Bb4 4. e5 c5 5. a3 Ba5 6. b4 cxd4 7. Nb5 Bc7 8. f4 Bd7 9. Nf3 Ne7 10. Nbxd4 Ba4 11. Bd3 Nbc6 12. Be3 Bb6 13. Qd2 Nxd4 14. Nxd4 Qd7 15. 0-0 Bxd4 16. Bxd4 Bb5 17. Bc5 Bxd3 18. cxd3 0-0 19. Rae1 Rfe8 20. g4 b6 21. Bxe7 Qxe7 22. f5 Qh4 23. Qf4 Rac8 24. Re3 Rc7 25. Ref3 h6 26. Kg2 exf5 27. Qxf5 d4 28. Qe4 Rc2+ 29. R1f2 Rxf2+ 30. Rxf2 Qg5 31. Re2 Qd8 32. Rc2 Qg5 33. Re2 Qd8 34. h3 Re6 35. Rc2 Qb8 36. Qxd4 Rxe5 37. Qd7 Qa8+ 38. Rc6 Re8 39. b5 a6 40. Kf2 axb5 41. Rc7 Rf8 42. Ra7 Qh1 43. Kg3 Qe1+ 44. Kf3 b4 45. axb4 Qxb4 46. d4 b5 47. d5 Qc3+ 48. Kg2 b4 49. Rb7 b3 50. d6 Qd2+ 51. Kf3 Qd5+ 52. Kf2 Ra8 53. Qb5 Qxd6 54. Qxb3 Qh2+ 55. Kf3 Ra3 0-1

[Event "Nezhmetdinov Memorial 41st"]
[Site "Kazan"]
[Date "2019.06.05"]
[Round "6"]
[White "Puranik, Abhimanyu Sameer"]
[Black "Popov, Mikhail"]
[Result "1-0"]
[WhiteElo "2548"]
[BlackElo "2395"]
[PlyCount "89"]
[EventDate "2019.05.31"]
[EventType "swiss"]
[EventRounds "9"]
[EventCountry "RUS"]
[SourceTitle "CBM 190 Extra"]
[Source "ChessBase"]
[SourceDate "2019.07.15"]
[SourceVersion "1"]
[SourceVersionDate "2019.07.15"]
[SourceQuality "1"]

1. e4 c5 2. Nc3 d6 3. Nf3 a6 4. d4 cxd4 5. Nxd4 Nf6 6. g3 e5 7. Nde2 Be7 8. Bg2 0-0 9. 0-0 b5 10. Nd5 Nbd7 11. Nec3 Bb7 12. Be3 Nxd5 13. Nxd5 Nf6 14. Nxf6+ Bxf6 15. c3 Bc6 16. Qd3 Qc7 17. Rfd1 Rfd8 18. c4 Qb7 19. cxb5 axb5 20. a3 Ra4 21. b4 h6 22. Rac1 Be7 23. Rc3 Rc8 24. Rdc1 Bd7 25. Qd5 Qb8 26. h4 Rxc3 27. Rxc3 Be6 28. Qc6 Qa8 29. Qxb5 Rxa3 30. Rxa3 Qxa3 31. Qe8+ Bf8 32. b5 Qa4 33. Qb8 Bd7 34. b6 Bc6 35. Qc8 Qb5 36. Bf1 Qa4 37. f3 d5 38. Bc5 dxe4 39. Qxf8+ Kh7 40. Qxf7 exf3 41. Bf2 Be4 42. Bc4 Qd1+ 43. Kh2 Qc2 44. Qg8+ Kg6 45. Qe8+ 1-0

[Event "Moscow Aeroflot op-B 18th"]
[Site "Moscow"]
[Date "2019.02.26"]
[Round "8"]
[White "Popov, Mikhail"]
[Black "Gurvich, Vitaly"]
[Result "1-0"]
[WhiteElo "2381"]
[BlackElo "2270"]
[PlyCount "125"]
[EventDate "2019.02.20"]
[EventType "swiss"]
[EventRounds "9"]
[EventCountry "RUS"]
[SourceTitle "CBM 189 Extra"]
[Source "ChessBase"]
[SourceDate "2019.06.03"]
[SourceVersion "1"]
[SourceVersionDate "2019.06.03"]
[SourceQuality "1"]

1. e4 c5 2. Nc3 d6 3. d4 cxd4 4. Qxd4 Nc6 5. Qd2 g6 6. b3 Bg7 7. Bb2 Nf6 8. 0-0-0 0-0 9. Kb1 Be6 10. Nge2 Rc8 11. Nf4 Bd7 12. f3 Bh6 13. Nce2 Bg7 14. g4 e5 15. Ng2 Be6 16. h4 Qb6 17. Ne3 d5 18. g5 d4 19. Nc4 Bxc4 20. gxf6 Bxf6 21. bxc4 Na5 22. Nc1 Nxc4 23. Bxc4 Rxc4 24. Nb3 h5 25. Rc1 Bg7 26. c3 dxc3 27. Rxc3 Rxc3 28. Bxc3 Rd8 29. Ba5 Rxd2 30. Bxb6 Rd3 31. Bxa7 Rxf3 32. Kc2 Bf6 33. Bb8 Rf2+ 34. Nd2 Rg2 35. a4 g5 36. Rf1 Kg7 37. hxg5 Bxg5 38. Bxe5+ Kg6 39. Bf4 f6 40. Kd3 h4 41. Bxg5 Kxg5 42. Rf5+ Kg6 43. Nf3 h3 44. Rf4 Ra2 45. Rh4 Ra3+ 46. Ke2 Rxa4 47. Ke3 Ra3+ 48. Kf4 b5 49. Rxh3 b4 50. Rh8 Ra1 51. Rb8 Rb1 52. Nd4 Rb2 53. Rb6 Kf7 54. Nc6 b3 55. Nd4 Rh2 56. Rxb3 Rh4+ 57. Kf5 Rh5+ 58. Kg4 Rg5+ 59. Kf4 Re5 60. Nf5 Re6 61. Rb7+ Kf8 62. Ne3 Ra6 63. Kf5 1-0

[Event "Moscow Aeroflot op-B 18th"]
[Site "Moscow"]
[Date "2019.02.22"]
[Round "3"]
[White "Popov, Mikhail"]
[Black "Levin, Evgeny A"]
[Result "1/2-1/2"]
[WhiteElo "2381"]
[BlackElo "2512"]
[PlyCount "32"]
[EventDate "2019.02.20"]
[EventType "swiss"]
[EventRounds "9"]
[EventCountry "RUS"]
[SourceTitle "CBM 189 Extra"]
[Source "ChessBase"]
[SourceDate "2019.06.03"]
[SourceVersion "1"]
[SourceVersionDate "2019.06.03"]
[SourceQuality "1"]

1. e4 e6 2. d4 d5 3. Nc3 Nf6 4. Bg5 dxe4 5. Nxe4 Be7 6. Bxf6 gxf6 7. Nf3 f5 8. Nc3 a6 9. a4 Bf6 10. Qd2 c5 11. d5 e5 12. Qe3 e4 13. Nd2 Nd7 14. 0-0-0 0-0 15. g4 Bg5 16. Qe2 Nf6 1/2-1/2

[Event "Moscow Aeroflot op-B 18th"]
[Site "Moscow"]
[Date "2019.02.21"]
[Round "2"]
[White "Asadli, Vugar Afgan Oglu"]
[Black "Popov, Mikhail"]
[Result "0-1"]
[WhiteElo "2449"]
[BlackElo "2381"]
[PlyCount "56"]
[EventDate "2019.02.20"]
[EventType "swiss"]
[EventRounds "9"]
[EventCountry "RUS"]
[SourceTitle "CBM 189 Extra"]
[Source "ChessBase"]
[SourceDate "2019.06.03"]
[SourceVersion "1"]
[SourceVersionDate "2019.06.03"]
[SourceQuality "1"]

1. e4 e6 2. d4 d5 3. Nc3 Bb4 4. e5 Ne7 5. a3 Bxc3+ 6. bxc3 c5 7. Qg4 Qc7 8. Qxg7 Rg8 9. Qxh7 cxd4 10. Ne2 dxc3 11. f4 Nbc6 12. h4 Bd7 13. h5 0-0-0 14. Qd3 Nf5 15. Qxc3 d4 16. Qd3 Na5 17. h6 Ba4 18. Ra2 Nc4 19. h7 Rh8 20. g4 Qa5+ 21. c3 Nfe3 22. Nxd4 Bc2 23. Rxc2 Rxd4 24. Qe2 Re4 25. Qd3 Nxc2+ 26. Kf2 Qc5+ 27. Kg3 Re1 28. Qxc2 Ne3 0-1

[Event "Titled Tuesday intern op 2nd Febr"]
[Site "Chess.com INT"]
[Date "2019.02.05"]
[Round "2"]
[White "Narayanan, Sunilduth Lyna"]
[Black "Popov, Mikhail"]
[Result "1-0"]
[WhiteElo "2593"]
[BlackElo "2381"]
[PlyCount "47"]
[EventDate "2019.02.05"]
[EventType "swiss (blitz)"]
[EventRounds "10"]
[EventCountry "USA"]
[SourceTitle "EXT 2021"]
[Source "ChessBase"]
[SourceDate "2020.10.23"]
[SourceVersion "1"]
[SourceVersionDate "2020.10.23"]
[SourceQuality "1"]

1. Nf3 Nf6 2. d4 g6 3. c4 Bg7 4. Nc3 d6 5. g3 0-0 6. Bg2 c5 7. 0-0 Nc6 8. dxc5 dxc5 9. Bf4 Nh5 10. Be3 Nd4 11. Na4 Qd6 12. Nxc5 Qxc5 13. Bxd4 Qxc4 14. Bxg7 Nxg7 15. Ne5 Qb5 16. Qd5 Qxe2 17. Rfe1 Qh5 18. Bf3 Qf5 19. Bg4 Qf6 20. Bxc8 Rfxc8 21. Ng4 Qc6 22. Nh6+ Kh8 23. Nxf7+ Kg8 24. Nh6+ 1-0

[Event "Tianjin Binhai Cup 1st"]
[Site "Tianjin"]
[Date "2018.12.31"]
[Round "7"]
[White "Popov, Mikhail"]
[Black "Yan, Tianqi"]
[Result "1/2-1/2"]
[WhiteElo "2388"]
[BlackElo "2098"]
[PlyCount "73"]
[EventDate "2018.12.25"]
[EventType "swiss"]
[EventRounds "9"]
[EventCountry "CHN"]
[SourceTitle "CBM 188 Extra"]
[Source "ChessBase"]
[SourceDate "2019.02.26"]
[SourceVersion "1"]
[SourceVersionDate "2019.02.26"]
[SourceQuality "1"]

1. e4 c5 2. Nf3 a6 3. b3 Nc6 4. Bb2 e6 5. c4 d6 6. d4 cxd4 7. Nxd4 Nf6 8. Nxc6 bxc6 9. e5 Ne4 10. Bd3 Nc5 11. Bc2 Qg5 12. Qf3 d5 13. h4 Qd8 14. Qg3 a5 15. Nd2 Ba6 16. 0-0 g6 17. f4 Na4 18. Bc1 Bc5+ 19. Kh2 Nb6 20. Rd1 Be7 21. Nf3 Qc7 22. Bd2 a4 23. Ng5 dxc4 24. Ba5 Bb5 25. Bxb6 Qxb6 26. f5 gxf5 27. Nxh7 Qc7 28. b4 Rxh7 29. Qg8+ Bf8 30. Qxh7 Qxe5+ 31. Kh1 Bd6 32. Rxd6 Qxd6 33. Rd1 Qxb4 34. Bxf5 exf5 35. Qh8+ Qf8 36. Qe5+ Qe7 37. Qh8+ 1/2-1/2

[Event "Tianjin Binhai Cup 1st"]
[Site "Tianjin"]
[Date "2018.12.29"]
[Round "5"]
[White "Huang, Renjie"]
[Black "Popov, Mikhail"]
[Result "0-1"]
[WhiteElo "2328"]
[BlackElo "2388"]
[PlyCount "120"]
[EventDate "2018.12.25"]
[EventType "swiss"]
[EventRounds "9"]
[EventCountry "CHN"]
[SourceTitle "CBM 188 Extra"]
[Source "ChessBase"]
[SourceDate "2019.02.26"]
[SourceVersion "1"]
[SourceVersionDate "2019.02.26"]
[SourceQuality "1"]

1. e4 e6 2. d4 d5 3. Nc3 Bb4 4. e5 Ne7 5. Nf3 b6 6. Be2 Ba6 7. 0-0 Bxc3 8. bxc3 Bxe2 9. Qxe2 Nbc6 10. Ba3 Na5 11. Nd2 Qd7 12. c4 Nf5 13. Bb2 dxc4 14. Nxc4 Qb5 15. Qe4 0-0 16. Nxa5 Qxa5 17. Qc6 Rfd8 18. Rfd1 b5 19. a4 b4 20. c4 bxc3 21. Bxc3 Qd5 22. Qxd5 Rxd5 23. g4 Ne7 24. Rab1 Nc6 25. f4 g5 26. f5 Rad8 27. Rb7 Nxd4 28. Kf2 c5 29. f6 h5 30. Re1 hxg4 31. Re4 a6 32. Rxg4 Rxe5 33. h4 Rdd5 34. Rxg5+ Rxg5 35. hxg5 Rxg5 36. Ra7 Rf5+ 37. Ke3 Rxf6 38. Rxa6 Rf3+ 39. Kd2 e5 40. Ra8+ Kg7 41. Re8 c4 42. Bxd4 exd4 43. Rd8 c3+ 44. Kc2 Rf2+ 45. Kc1 Rd2 46. a5 Ra2 47. Rxd4 Rxa5 48. Rc4 Ra3 49. Kc2 Kg6 50. Rg4+ Kf5 51. Rg7 f6 52. Kd3 Kf4 53. Rg1 f5 54. Rf1+ Kg4 55. Rg1+ Kh3 56. Rf1 Ra5 57. Ke3 Kg2 58. Rc1 Rc5 59. Kd4 Rc8 60. Ke5 c2 0-1

[Event "Chigorin Memorial 26th"]
[Site "St Petersburg"]
[Date "2018.11.04"]
[Round "9"]
[White "Gitelson, Arkady"]
[Black "Popov, Mikhail"]
[Result "1/2-1/2"]
[WhiteElo "2264"]
[BlackElo "2394"]
[PlyCount "118"]
[EventDate "2018.10.27"]
[EventType "swiss"]
[EventRounds "9"]
[EventCountry "RUS"]
[SourceTitle "CBM 187 Extra"]
[Source "ChessBase"]
[SourceDate "2018.11.04"]
[SourceVersion "1"]
[SourceVersionDate "2018.11.04"]
[SourceQuality "1"]

1. d4 g6 2. Nf3 Bg7 3. e4 d6 4. Nbd2 Nf6 5. c3 0-0 6. Be2 c5 7. dxc5 dxc5 8. 0-0 b6 9. Qc2 Bb7 10. e5 Nd5 11. Nc4 Na6 12. Rd1 Qc8 13. h3 Nac7 14. Ng5 h6 15. Bg4 Qe8 16. Ne4 Ne6 17. Bf3 Rd8 18. Ned6 exd6 19. Nxd6 Qe7 20. Bxd5 Bxd5 21. Rxd5 Nc7 22. Rd1 Qxe5 23. Nc4 Rxd1+ 24. Qxd1 Qe6 25. Ne3 f5 26. Qb3 Rd8 27. Qxe6+ Nxe6 28. Kf1 Nf4 29. h4 h5 30. g3 Nd3 31. a4 f4 32. Nc4 Nxc1 33. Rxc1 f3 34. Ke1 Bh6 35. Rd1 Re8+ 36. Kf1 Re4 37. b3 Re2 38. Rd3 Rc2 39. Rxf3 Bg7 40. Nd6 Bxc3 41. Nb5 Bb2 42. Nxa7 c4 43. bxc4 Rxc4 44. Rb3 Bd4 45. Ra3 Rc2 46. Rf3 Ra2 47. Nb5 Bc5 48. Rf4 Ra1+ 49. Kg2 Ra2 50. Nc3 Ra3 51. Ne4 Be7 52. Nd2 Bc5 53. Nf3 Ra2 54. Ng5 Be3 55. Rf6 Kg7 56. Rf7+ Kg8 57. Rf6 Kg7 58. Rf7+ Kg8 59. Rf6 Kg7 1/2-1/2

[Event "Chigorin Memorial 26th"]
[Site "St Petersburg"]
[Date "2018.10.31"]
[Round "5"]
[White "Eynullayev, Atilla Elshan"]
[Black "Popov, Mikhail"]
[Result "0-1"]
[WhiteElo "2164"]
[BlackElo "2394"]
[PlyCount "110"]
[EventDate "2018.10.27"]
[EventType "swiss"]
[EventRounds "9"]
[EventCountry "RUS"]
[SourceTitle "CBM 187 Extra"]
[Source "ChessBase"]
[SourceDate "2018.11.04"]
[SourceVersion "1"]
[SourceVersionDate "2018.11.04"]
[SourceQuality "1"]

1. d4 Nf6 2. c4 g6 3. Nc3 Bg7 4. e4 d6 5. Be2 0-0 6. Be3 Na6 7. Nf3 c6 8. 0-0 e5 9. d5 Ng4 10. Bg5 f6 11. Bh4 c5 12. Nd2 h5 13. a3 Nh6 14. f3 Nf7 15. Bd3 Bh6 16. Qe2 Bg5 17. Be1 Nc7 18. b4 b6 19. Rb1 Ne8 20. Bc2 Bd7 21. Ba4 Bxa4 22. Nxa4 Qd7 23. Nc3 Ng7 24. Bf2 f5 25. Rb2 Rae8 26. Nb3 h4 27. Rfb1 Nh5 28. Nc1 Bxc1 29. Rxc1 h3 30. g3 Ng5 31. Rf1 fxe4 32. fxe4 Nf3+ 33. Kh1 Nd4 34. Qd1 Nf6 35. Bg1 Ng4 36. bxc5 bxc5 37. Nb5 Rxf1 38. Qxf1 Rf8 39. Qd1 Nf3 40. Nc3 a6 41. Qd3 Qf7 42. Nd1 Ne1 43. Qe2 Qf1 44. Qxf1 Rxf1 45. Nf2 Nxf2+ 46. Rxf2 Rxf2 47. Bxf2 Nd3 48. Kg1 Nb2 49. Be1 Nxc4 50. a4 Ne3 51. Bd2 Ng4 52. Bg5 Kf7 53. a5 Nf6 54. Kf1 Nxe4 55. Be3 Nf6 0-1

[Event "Chigorin Memorial 26th"]
[Site "St Petersburg"]
[Date "2018.10.27"]
[Round "1"]
[White "Wartiovaara, Oliver"]
[Black "Popov, Mikhail"]
[Result "0-1"]
[WhiteElo "1984"]
[BlackElo "2394"]
[PlyCount "112"]
[EventDate "2018.10.27"]
[EventType "swiss"]
[EventRounds "9"]
[EventCountry "RUS"]
[SourceTitle "CBM 187 Extra"]
[Source "ChessBase"]
[SourceDate "2018.11.04"]
[SourceVersion "1"]
[SourceVersionDate "2018.11.04"]
[SourceQuality "1"]

1. d4 g6 2. c4 Bg7 3. Nf3 d6 4. g3 c5 5. Bg2 Nc6 6. d5 Na5 7. 0-0 Bd7 8. Nbd2 b5 9. cxb5 Bxb5 10. Rb1 Qd7 11. Ne1 Nf6 12. Nc2 0-0 13. Na3 Ba6 14. b3 Rab8 15. Bb2 Qc7 16. Re1 e6 17. dxe6 fxe6 18. e4 d5 19. exd5 exd5 20. Be5 Qf7 21. Bxb8 Rxb8 22. Qf3 Nc6 23. Nc2 Bh6 24. Nc4 Rf8 25. Bh3 Ne4 26. Qxf7+ Kxf7 27. Rxe4 dxe4 28. Bg2 Rb8 29. N2e3 Bxe3 30. Nxe3 Bd3 31. Rc1 Rb5 32. Nc4 Nd4 33. Bf1 Bxf1 34. Kxf1 Ke6 35. Nd2 Kd5 36. Re1 Nf3 37. Nxf3 exf3 38. Re3 Ra5 39. Rd3+ Ke4 40. Re3+ Kd4 41. a4 c4 42. Rxf3 c3 43. Ke1 g5 44. Kd1 Re5 45. Rf7 a5 46. Rxh7 Rf5 47. f4 gxf4 48. Rh4 Kd3 49. Rxf4 Re5 50. Rf3+ Kd4 51. Rf4+ Kd3 52. Rf1 Re3 53. Kc1 Re2 54. Rh1 Rc2+ 55. Kb1 Rb2+ 56. Kc1 Rxb3 0-1

[Event "RUS-ch Eurasia Cup op"]
[Site "Ekaterinburg"]
[Date "2018.08.02"]
[Round "2"]
[White "Isanzhulov, Arystan"]
[Black "Popov, Mikhail"]
[Result "1-0"]
[WhiteElo "2146"]
[BlackElo "2401"]
[PlyCount "71"]
[EventDate "2018.08.01"]
[EventType "swiss"]
[EventRounds "9"]
[EventCountry "RUS"]
[SourceTitle "CBM 185 Extra"]
[Source "ChessBase"]
[SourceDate "2018.07.29"]
[SourceVersion "1"]
[SourceVersionDate "2018.07.29"]
[SourceQuality "1"]

1. e4 e5 2. Nf3 Nc6 3. Nc3 Nf6 4. g3 d5 5. exd5 Nxd5 6. Bg2 Nxc3 7. bxc3 Bd6 8. 0-0 0-0 9. d3 Bg4 10. Qe1 Qd7 11. Rb1 Rab8 12. Qe4 h6 13. Re1 Be6 14. Qa4 f5 15. Nd2 Qf7 16. Ba3 e4 17. Bxd6 cxd6 18. Nb3 Qf6 19. Nd4 Bd5 20. Ne2 g5 21. Rb5 Be6 22. Nd4 f4 23. Nxe6 fxg3 24. Rxe4 Qxf2+ 25. Kh1 d5 26. Nxf8 dxe4 27. Qxe4 Qxf8 28. Qg6+ Kh8 29. hxg3 Ne7 30. Qe4 b6 31. Re5 Ng8 32. Re6 Rc8 33. c4 Rc5 34. Re8 Qg7 35. Qe6 g4 36. Bd5 1-0